Infierno grande /
Guardado en:
| Autor Principal: | |
|---|---|
| Formato: | Libro |
| Publicado: |
Buenos Aires :
Legasa,
1989
|
| Series: | Omnibus
|
| Materias: | |
| Etiquetas: |
Agregar Etiqueta
Sin Etiquetas, Sea el primero en etiquetar este registro!
|
| LEADER | 00728nam a22002535a 4500 | ||
|---|---|---|---|
| 001 | CEM.cems004203 | ||
| 008 | 130507s1989##################000#0#####d | ||
| 005 | 20211110173537.0 | ||
| 003 | CEMS | ||
| 245 | 1 | 0 | |a Infierno grande / |c Guillermo Martínez |
| 260 | |a Buenos Aires : |b Legasa, |c 1989 | ||
| 300 | |a 107 p. | ||
| 490 | 0 | |a Omnibus | |
| 590 | |a 1109.013 | ||
| 020 | |a 9506001456 | ||
| 100 | 1 | |a Martínez, Guillermo | |
| 082 | 0 | 4 | |a A863.4 |
| 653 | |a Literatura argentina | ||
| 653 | |a Literatura argentina-siglo 20 | ||
| 653 | |a Novelas | ||
| 653 | |a Novelas argentinas | ||
| 653 | |a Biblioteca TC | ||
| 859 | |a CEMS |b BIB. CEMS - 11 de abril |h A863.4 |i M366-4 |p 15943.90 |t Ej.1 | ||
| 859 | |a CEMS |b BIB. CEMS - 11 de abril |h TC |p 1109.013 |t Ej.2 | ||
